000 02241cam a22004094i 4500
003 PE-LiUPU
005 20250731183422.0
008 150625s2007 pe a r 000 0 spa d
020 _a9789972451959
035 _a(Sirsi) i9789972451959
040 _aPE-LiUPU
_bspa
_cPE-LiUPU
_erda
049 _aPRUA
082 0 4 _a791.430985
_bC26
_221
100 1 _aCarbone, Giancarlo,
_eautor.
245 1 3 _aEl cine en el Perú :
_bel cortometraje: 1972-1992 /
_cGiancarlo Carbone.
264 1 _aLima :
_bFondp Editorial Universidad de Lima,
_c2007.
300 _a221 páginas :
_bilustraciones, fotos ;
_c25 centímetros
336 _atext
_2rdacontent
337 _aunmediated
_2rdamedia
338 _avolume
_2rdacarrier
505 0 _aLa ley de Cine. -El cineasta debe tener criterio empresarial. -La Ley de Cine: Un hito histórico. -El cortometraje permite un mayor conocimiento del ser humano. -Hacer cine consiste solo en hacer películas. -Ser documentalista es un privilegio fantástico. -La Clave está en decirlo con humor. -Filmar la poesía. -Para hacer cine de género se necesita una producción induatrial continua. -El cine nacional requiere una película fundadora. -A más crisis más cultura. -Hacer cine contra viento y marea. -El cortometraje será una pieza de museo. -Los laberintos del género fantástico.
526 _aP158
526 _aP146
526 _aP17
526 _aP12
526 _aP06
541 _g001-0029256;
650 0 4 _aCine peruano
_xHistoria y crítica
_y1972-1992.
650 0 4 _aCine peruano
_y1972-1992
_xProducción y dirección.
650 0 4 _aCortometrajes
_zPerú
_xHistoria
_y1972-1992.
650 0 4 _aPelículas cinematográficas
_zPerú
_y1972-1992.
942 _2ddc
_cBOOK
949 _a791.430985 C26
_wDEWEY
_c1
_i59174
_d2015-10-4
_e2015-10-1
_lCCODEBUL1
_mBUL
_n1
_p7.00
_r0
_sY
_tBOOK
_u2015-6-25
_xEDUCACION
_PP07
_0COMPRA
_o.STAFF. Colección General
994 _aC0
_bPEPRU
596 _a1
999 _a791.430985 C26
_wDEWEY
_c47987
_i59174
_d47987
_e2017-9-22
_f2021-11-8
_g5
_lCCODEBUL1
_mBUL
_n2
_p7.00
_q2
_r0
_sY
_tBOOK
_u2015-6-25
_xEDUCACION
_PP07
_0COMPRA
_o.STAFF. Colección General
980 _81
_gALBERTO SANCHEZ Responsable de Automatización